Online Catalogue and eLibrary

Thaniyaga Oruththi (Record no. 3789)

MARC details
000 -LEADER
fixed length control field 00414nam a2200145Ia 4500
005 - DATE AND TIME OF LATEST TRANSACTION
control field 20250305004930.0
008 - FIXED-LENGTH DATA ELEMENTS--GENERAL INFORMATION
fixed length control field 240331s9999 xx 000 0 und d
082 ## - DDC Classification
Item Number - Author Mark YOG
DDC Edition Number 3119
Class No. 894.811
100 ## - MAIN ENTRY--PERSONAL NAME
Personal name Yoganathan, S
245 #0 - TITLE STATEMENT
Title Thaniyaga Oruththi
260 ## - PUBLICATION, DISTRIBUTION, ETC.
Place of publication, distribution, etc. Madras
Name of publisher, distributor, etc. Kumaran Publications
Date of publication, distribution, etc. 1992
300 ## - PHYSICAL DESCRIPTION
Extent (e.g. Volumes, Pages etc.) 192 p.,
500 ## - GENERAL NOTE
General note A novel about girls who undergo hardships while working at a factory.
942 ## - Koha item type (Biblio)
Koha item type Books in Stacks (Lending)
Holdings
Lost status Damaged status Collection code Home library Current library Shelving location Date acquired Full call number Accession Number Item type
    Lending WERC Library WERC Library Social Science Cupboard 03/31/2024 894.811 YOG 3119 Books in Stacks (Lending)

© WERC Library